000 00673nam a2200229Ia 4500
001 8601
003 GE_BSU
008 181216s||||||||xx |||||||||||||| ||und||
040 _cGE_BSU
080 _a821.353.1-1
100 _aთევზაძე, ანდრო
245 _aერთტომეული
245 _bლექსები
245 _cრედ.: ნ. ხომერიკი; მხატვ.: დ. დუნდუა
260 _aთბილისი.
260 _bმერანი.
260 _c1975
300 _a344 გვ; 21 სმ.
300 _b1 ჩ. ფ. პორტრ.
653 _aლექსები
942 _cBK
999 _c41917
_d41917